000 00970 a2200253 4500
005 20250415110416.0
020 _a1853394432
050 _aS589.7
_bBIO 1999
100 _aPrain, Gordon
_eeditor
245 _aBiological and cultural diversity :
_bthe role of indigenous agricultural experimentation in development /
_cedited by Gordon Prain, Sam Fujisaka and Michael D. Warren
264 _aLondon :
_bIntermediate Technology Publications,
_c1999.
300 _a218 pages :
_billustrations
336 _2rdacontent
_atext
_btxt
337 _2rdamedia
_aunmediated
_bn
338 _2rdacarrier
_avolume
_bnc
440 _aIT studies in indigenous knowledge and development ; v. 10
504 _aIncludes bibliographical references (p. [199]-218)
650 _aAgriculture -- Developing countries
650 _aMulticulturalism
650 _aBiodiversity
700 _aFujisaka, Sam
_eeditor
700 _aWarren, Michael D.
_eeditor
942 _2lcc
_cBK
_h589
_iBIO
_kS
999 _c5552
_d5552